Mateo Mostan : La conciencia como espejo /

Kaydedildi:
Detaylı Bibliyografya
Yazar: Hernández, Rosa Nieves
Materyal Türü: Bilinmiyor
Konular:
Etiketler: Etiketle
Etiket eklenmemiş, İlk siz ekleyin!

MARC

LEADER 000000000a22000000004500
001 003193
100 1 |a Hernández, Rosa Nieves 
245 1 0 |a Mateo Mostan :   |b La conciencia como espejo /   |c Rosa Nieves Hernández. 
310 |a semestral 
500 |a Otro ejemplar con número especial dedicada al personaje 
650 4 |a LITERATURA VENEZOLANA 
650 4 |a NOVELA CONTEMPORANEA 
773 0 |x 0798-958-X  |d Venezuela : Universidad Simón Bolívar  |t Estudios: Revista de Investigaciones Literarias  |g número 3 (1994) 
942 |c ARC 
999 |c 9982  |d 9982